000 00330nam a22001337a 4500
008 171012b xxu||||| |||| 00| 0 eng d
020 _a0960225438
041 _aeng
080 _a316
100 _a50
101 _aSOC
245 _aTHREE FEMINIST PERSPECTIVE ON ANTI SEMITISM AND RACISM
_cBULKIN.E
942 _2udc
_cBK
999 _c33346
_d33346